000 00347nam a2200157Ia 4500
008 170203s9999 xx 000 0 und d
020 _a1550370383
050 _aFic
050 _b.M969p 1989
100 _aMunsch, Robert
245 _aPigs /
245 _cRobert Munsch.
260 _aCanada :
260 _bAnnick Press,
260 _c1989
999 _c306082
_d306082